000 00475pam a2200181 a 4500
020 _a1405120665
_c455.00
041 _aeng
_hNULL
082 _a618
_bFAI
100 _aFAIRLEY, D .
245 _aLECTURE NOTES : OBSTETRIC & GYNAECOLOGY /
_cNULL.
_hTextual Documents
250 _a2 /
_b.
260 _aNULL :
_bBLACKWELL SCIENCE ,
_c2004.
300 _a336 :
_bVIII ;
_cNULL .
365 _a455.00
930 _a1637
999 _c796173
_d796173
650 _aOBST.GYNE